[Event "Nachod op 11th"]
[Site "Nachod"]
[Date "2013.07.06"]
[Round "8"]
[White "Michel, Ladislav"]
[Black "Ruffer, Vaclav"]
[Result "1-0"]
[WhiteElo "1865"]
[BlackElo "1655"]
[PlyCount "24"]
[EventDate "2013.06.29"]
[EventType "swiss"]
[EventRounds "9"]
[EventCountry "CZE"]
[SourceTitle "CBM 155 Extra"]
[Source "ChessBase"]
[SourceDate "2013.08.26"]
[SourceVersion "1"]
[SourceVersionDate "2013.08.26"]
[SourceQuality "1"]

1. d4 Nf6 2. c4 e6 3. Nf3 d5 4. Bg5 Be7 5. e3 c6 6. Nc3 Nbd7 7. Bd3 Qc7 8. Rc1 0-0 9. 0-0 Re8 10. cxd5 exd5 11. Bf4 Bd6 12. Nb5 Bxf4 1-0

[Event "Rychnov Seniors op"]
[Site "Rychnov nad Kneznou"]
[Date "2012.08.20"]
[Round "1"]
[White "Humlicek, Vojtech"]
[Black "Ruffer, Vaclav"]
[Result "1-0"]
[WhiteElo "1959"]
[BlackElo "1662"]
[PlyCount "99"]
[EventDate "2012.08.20"]
[EventType "swiss"]
[EventRounds "9"]
[EventCountry "CZE"]
[SourceTitle "CBM 150 Extra"]
[Source "ChessBase"]
[SourceDate "2012.10.19"]
[SourceVersion "1"]
[SourceVersionDate "2012.10.19"]
[SourceQuality "1"]

1. e4 c6 2. d4 d5 3. Nc3 dxe4 4. Nxe4 e6 5. Nf3 Nf6 6. Nxf6+ Qxf6 7. Bg5 Qg6 8. Bd3 Qh5 9. h3 f6 10. g4 Qf7 11. Bf4 Nd7 12. Qe2 Nb6 13. 0-0-0 Nd5 14. Bg3 Bb4 15. c4 Ne7 16. a3 Ba5 17. h4 Bd7 18. b4 Bb6 19. c5 Bd8 20. g5 Nd5 21. Rde1 Bc7 22. Bxc7 Nxc7 23. Nd2 0-0-0 24. Ne4 Ne8 25. Bc4 f5 26. Nc3 Nc7 27. Rh3 Nd5 28. Bxd5 exd5 29. Re3 Rde8 30. Qf3 Rxe3 31. Rxe3 Re8 32. Kd2 Rxe3 33. Qxe3 Qh5 34. Qf4 Qe8 35. f3 b5 36. Ne2 Qe6 37. Nc1 Qf7 38. Nd3 g6 39. Qd6 Qe8 40. Ne5 a6 41. Ke3 Kd8 42. Kf4 Kc8 43. Qxd7+ Qxd7 44. Nxd7 Kxd7 45. Ke5 Ke7 46. f4 Kd7 47. Kf6 Ke8 48. Kg7 Ke7 49. Kxh7 Kf7 50. Kh6 1-0

[Event "Nachod op 9th"]
[Site "Nachod"]
[Date "2011.07.09"]
[Round "8"]
[White "Ruffer, Vaclav"]
[Black "Kebort, Frantisek"]
[Result "1-0"]
[WhiteElo "1651"]
[BlackElo "1482"]
[PlyCount "95"]
[EventDate "2011.07.02"]
[EventType "swiss"]
[EventRounds "9"]
[EventCountry "CZE"]
[SourceTitle "EXT 2012"]
[Source "ChessBase"]
[SourceDate "2011.11.24"]
[SourceVersion "1"]
[SourceVersionDate "2011.11.24"]
[SourceQuality "1"]

1. d4 d5 2. Nf3 Nf6 3. e3 g6 4. c4 e6 5. Nc3 b6 6. Bd2 Bb7 7. Be2 Bg7 8. 0-0 a6 9. Rc1 Nbd7 10. a3 c6 11. h3 0-0 12. cxd5 cxd5 13. Na2 Rc8 14. Qa4 Rxc1 15. Rxc1 a5 16. b4 Qa8 17. bxa5 Rc8 18. Bb5 Rxc1+ 19. Nxc1 Nb8 20. Nb3 Bc6 21. Ne5 Bxb5 22. Qxb5 Qa6 23. Qxb6 Qxb6 24. axb6 Nfd7 25. Nxd7 Nxd7 26. b7 Bf8 27. Nc5 Nb8 28. a4 Bd6 29. Ba5 Kf8 30. Bb6 Ke8 31. Ba7 Nc6 32. Bb6 Nb8 33. a5 Bxc5 34. Bxc5 Kd7 35. Ba7 Na6 36. b8Q Nxb8 37. Bxb8 Kc8 38. Ba7 Kb7 39. Bb6 Ka6 40. Kf1 f5 41. f4 h5 42. h4 Kb5 43. Ke2 Ka6 44. Kd3 Kb7 45. Kc3 Kc6 46. Kb4 Kd6 47. a6 Kd7 48. a7 1-0